पर्यावरण पर्यटन एवं लोक संस्कृति : (Record no. 119188)

MARC details
000 -LEADER
fixed length control field 01291nam a22002537a 4500
005 - DATE AND TIME OF LATEST TRANSACTION
control field 20170124103129.0
010 ## - LIBRARY OF CONGRESS CONTROL NUMBER
LC control number B-236546
020 ## - INTERNATIONAL STANDARD BOOK NUMBER
Terms of availability 00.00
International Standard Book Number 9788186772256
035 ## - SYSTEM CONTROL NUMBER
System control number B-236546
037 ## - SOURCE OF ACQUISITION
Source of stock number/acquisition Cen Lib/Ret
040 ## - CATALOGING SOURCE
Original cataloging agency DPL
Language of cataloging HN
082 ## - DEWEY DECIMAL CLASSIFICATION NUMBER
Classification number 338.4791
Item number रावत
100 ## - MAIN ENTRY--PERSONAL NAME
Personal name रावत, ताज
9 (RLIN) 83749
245 ## - TITLE STATEMENT
Title पर्यावरण पर्यटन एवं लोक संस्कृति :
Statement of responsibility, etc ताज रावत
Remainder of title पर्वतीय शेत्र का विशेष संदर्भ /
246 ## - VARYING FORM OF TITLE
Title proper/short title Paryavaran paryatan ewam lok sanskriti : parvateey shetr ka vishesh sandarbh /
Remainder of title by Taj Rawat
260 ## - PUBLICATION, DISTRIBUTION, ETC. (IMPRINT)
Name of publisher, distributor, etc न्यू अकेडमिक पब्लिशर्स
Place of publication, distribution, etc नई दिल्ली
Date of publication, distribution, etc 2007
270 ## - ADDRESS
City नई दिल्ली
Address 23, अंसारी रोड, दरियागंज
Postal code 110002
300 ## - PHYSICAL DESCRIPTION
Extent viii,329पृ.
Dimensions 20सेमी(सजिल्द)
650 ## - SUBJECT ADDED ENTRY--TOPICAL TERM
Topical term or geographic name as entry element पर्यटकों का स्वर्ग -- हिमाचल
9 (RLIN) 83750
650 ## - SUBJECT ADDED ENTRY--TOPICAL TERM
Topical term or geographic name as entry element ग्रामीण पर्यटन -- संभावनाएँ
9 (RLIN) 83751
650 ## - SUBJECT ADDED ENTRY--TOPICAL TERM
Topical term or geographic name as entry element Tourist's paradise - HP
9 (RLIN) 83752
650 ## - SUBJECT ADDED ENTRY--TOPICAL TERM
Topical term or geographic name as entry element Rural tourism - Prospects
9 (RLIN) 83753
942 ## - ADDED ENTRY ELEMENTS (KOHA)
Source of classification or shelving scheme Dewey Decimal Classification
Koha item type Hindi Books
Classification part 338.4791
Call number suffix रावत
Holdings
Withdrawn status Lost status Damaged status Not for loan Home library Current library Date acquired Source of acquisition Cost, normal purchase price Total Checkouts Full call number Barcode Date last seen Copy number Cost, replacement price Price effective from Koha item type
        Central Library Central Library 15/09/2015 Cen Lib/Ret 0.00   338.4791 रावत B-236546 15/09/2015 1 0.00 15/09/2015 Hindi Books

© Delhi Public Library
Hit Counter
free hit counter